000 01345nam a2200205Ia 4500
003 Ost
005 20260507075633.0
008 260507s9999||||xx |||||||||||||| ||und||
040 _cfsecg
041 _aara
082 _a675
100 _aالحيالي، وليد ناجي
_eمؤلف
245 0 _aدراسات في المشاكل المحاسبية المعاصرة :
_bنماذج محاسبية مقترحة /
_c وليد ناجي الحيالي
260 _aالأردن:
_bدار الحامد للنشر,
_c2002
300 _a341 صفحة؛
_bإيضاحات ؛
_c25 سم
520 _aإجراءات القياس المحاسبي لتلوث البيئة- الطرق المحاسبية المقترحة لمعالجة تكاليف التلوث البيئي- قياس تكاليف التلوث الضوضائي- الطرق المحاسبية المقترحة لمعالجة تكاليف التلوث الضوضائي- قياس التكاليف المالية لتعاطي المخدرات في الاردن- تكلفة الجريمة وأثرها على التنمية- معالجة التضخم وأثره على القوائم المالية- محاسبة الموارد البشرية وتحليل قوة العمل
653 _aالمحاسبة المعاصرة
653 _aالنماذج المحاسبية
942 _cكتاب
999 _c45255
_d45255